[Event "Xtracon Chess Open 2019"]
[Site "Helsingor DEN"]
[Date "2019.07.24"]
[Round "6.133"]
[White "Jorgensen, Orla Eilegaard"]
[Black "Moller, Arne Vang"]
[Result "1-0"]
[WhiteElo "1614"]
[BlackElo "1872"]
[WhiteFideId "1413368"]
[BlackFideId "1406175"]
[EventDate "2019.07.20"]

1. f4 c5 2. Nf3 d6 3. b3 Nf6 4. Bb2 g6 5. e3 Bg7 6. Bb5+ Nc6 7. d3 O-O 8. Bxc6
bxc6 9. Nbd2 e6 10. Qe2 a5 11. a4 Ba6 12. c4 Rb8 13. Rb1 Re8 14. O-O Nd7 15.
Bxg7 Kxg7 16. g4 h6 17. h4 f5 18. Qg2 Kh7 19. Kf2 Rg8 20. Rh1 Qe7 21. h5 g5 22.
fxg5 hxg5 23. Rbg1 Rbf8 24. Ke2 Kh6 25. Rf1 Bb7 26. Kd1 Nf6 27. Nh2 Nh7 28. Qe2
Bc8 29. Ndf3 e5 30. Rhg1 e4 31. dxe4 fxe4 32. Nd2 Qe5 33. Kc2 Nf6 34. Rf2 d5 35.
Rgf1 d4 36. exd4 cxd4 37. Nxe4 Nh7 38. Nf3 Qe7 39. Nxd4 Re8 40. Re1 c5 41. Nf5+
Bxf5 42. Rxf5 Rgf8 43. Rxc5 Rf4 44. Rc6+ Nf6 45. Ng3 Qa3 46. Rxf6+ Rxf6 47. Qxe8
Qa2+ 48. Kc3 Rf3+ 49. Kd4 Qd2+ 50. Kc5 Qb4+ 51. Kc6 Rf6+ 52. Re6 1-0

[Event "Xtracon Chess Open 2019"]
[Site "Helsingor DEN"]
[Date "2019.07.24"]
[Round "6.134"]
[White "Koch-Muller, Oscar"]
[Black "Madison, Sigurd"]
[Result "1-0"]
[WhiteElo "1866"]
[BlackElo "1700"]
[WhiteFideId "1447955"]
[BlackFideId "1711806"]
[EventDate "2019.07.20"]

1. c4 c5 2. Nc3 d6 3. g3 g6 4. Bg2 Bg7 5. e3 Nc6 6. Nge2 e5 7. O-O Nge7 8. d3
O-O 9. Bd2 Bg4 10. Nd5 Nxd5 11. cxd5 Ne7 12. h3 Bd7 13. b4 b6 14. bxc5 bxc5 15.
Bc3 Rb8 16. Rb1 Qc7 17. Qc2 Rb6 18. Ba5 Rfb8 19. Nc3 Nf5 20. Bxb6 axb6 21. Nb5
Qd8 22. e4 Bxb5 23. exf5 Bd7 24. fxg6 hxg6 25. f4 f5 26. Bf3 Qe7 27. Rbe1 Bf6
28. g4 e4 29. dxe4 Bd4+ 30. Kh1 Qh4 31. Qg2 Kf7 32. e5 Bb5 33. Be2 c4 34. e6+
Ke7 35. gxf5 gxf5 36. Qg5+ Qxg5 37. fxg5 Rf8 38. h4 Ba6 39. a4 Bb7 40. Bxc4 Rh8
41. Rxf5 Rxh4+ 42. Kg2 Rh7 43. g6 Rg7 44. Rf7+ Ke8 45. Rxg7 Bxg7 46. Rf1 1-0

[Event "Xtracon Chess Open 2019"]
[Site "Helsingor DEN"]
[Date "2019.07.24"]
[Round "6.135"]
[White "Andersen, Daniel"]
[Black "Gaure, Sigurd Lauvas"]
[Result "1-0"]
[WhiteTitle "FM"]
[WhiteElo "1864"]
[BlackElo "1657"]
[WhiteFideId "1402714"]
[BlackFideId "1524933"]
[EventDate "2019.07.20"]

1. c4 g6 2. e4 Bg7 3. d4 Nc6 4. Be3 e5 5. Ne2 exd4 6. Nxd4 Nf6 7. Nxc6 bxc6 8.
Nc3 O-O 9. g3 Ba6 10. Qa4 Bb7 11. Qb3 Qc8 12. h3 d6 13. Bg2 Ba6 14. Qa4 Rb8 15.
O-O-O c5 16. Rd2 Rb4 17. Qa5 Rxc4 18. Bf1 Nxe4 19. Bxc4 Bxc3 20. bxc3 Bxc4 21.
Rc2 Qb7 22. Rb2 Qc6 23. Rd1 a6 24. Kb1 Rc8 25. Ka1 Nxg3 26. fxg3 Qf3 27. Re1 Re8
28. Bf2 Rxe1+ 29. Bxe1 Bd3 30. Qa4 Kg7 31. c4 Be4 32. Qb3 Bd3 33. Qc3+ f6 34.
Rd2 Be4 35. Qxf3 Bxf3 36. Rf2 Be4 37. Bc3 Bf5 38. g4 Bd3 39. Bxf6+ Kh6 40. Bd8
c6 41. Be7 d5 42. cxd5 cxd5 43. Bxc5 Kg7 44. Kb2 Bc4 45. Kc3 h5 46. g5 Kh7 47.
Bd4 1-0

[Event "Xtracon Chess Open 2019"]
[Site "Helsingor DEN"]
[Date "2019.07.24"]
[Round "6.136"]
[White "Lye, Sigurd"]
[Black "Heier, Odin Nikolai"]
[Result "1/2-1/2"]
[WhiteElo "1593"]
[BlackElo "1863"]
[WhiteFideId "1539345"]
[BlackFideId "1518003"]
[EventDate "2019.07.20"]

1. e4 e5 2. Nf3 Nc6 3. d4 exd4 4. Nxd4 Nf6 5. Nc3 Bb4 6. Nxc6 bxc6 7. Bd3 d5 8.
exd5 cxd5 9. O-O O-O 10. Re1 c6 11. h3 h6 12. Bf4 Bd6 13. Qf3 Rb8 14. b3 Be6 15.
Ne2 c5 16. Bxd6 Qxd6 17. Nf4 Bd7 18. Qg3 Rbd8 19. Nh5 Qxg3 20. Nxf6+ gxf6 21.
fxg3 Kg7 22. Rf1 Rfe8 23. Rf2 Bc6 24. Raf1 Rd6 25. Rf4 Re5 26. Bf5 Bb5 27. Rd1
Be2 28. Rd2 Bh5 29. Rf1 Bg6 30. Bd3 Re3 31. Rf3 Ree6 32. Kf2 a5 33. Bxg6 fxg6
34. Rc3 c4 35. bxc4 d4 36. Ra3 Re5 37. Re2 Rc5 38. Rb3 Rd7 39. Rb5 Rxc4 40. Rxa5
Rdc7 41. Rd5 Ra7 42. a3 g5 43. Rd2 Rxa3 44. R5xd4 Rc5 1/2-1/2

[Event "Xtracon Chess Open 2019"]
[Site "Helsingor DEN"]
[Date "2019.07.24"]
[Round "6.137"]
[White "Jorgensen, Alexander Torp"]
[Black "Digernes, Mikael"]
[Result "1-0"]
[WhiteElo "1863"]
[BlackElo "1560"]
[WhiteFideId "1434187"]
[BlackFideId "1544225"]
[EventDate "2019.07.20"]

1. e4 d5 2. exd5 Qxd5 3. Nc3 Qa5 4. d4 Nf6 5. Nf3 Bf5 6. Ne5 c6 7. Bc4 e6 8. g4
Be4 9. O-O Bd5 10. Bd3 Nbd7 11. Nxd7 Nxd7 12. Nxd5 cxd5 13. Qe2 a6 14. f4 O-O-O
15. Bd2 Qb6 16. c3 f6 17. b4 e5 18. fxe5 fxe5 19. Bf5 Bd6 20. Be3 Qc6 21. a4 g6
22. b5 Qc7 23. Be6 exd4 24. cxd4 Kb8 25. bxa6 Nb6 26. Rf7 Be7 27. Bf4 Rd6 28.
Rc1 Nc4 29. Bxd5 Qb6 30. Rxc4 Re8 31. Rxe7 Rxe7 32. Qxe7 Qb1+ 33. Rc1 Qb6 34.
Bxd6+ Ka8 35. Bxb7+ 1-0

[Event "Xtracon Chess Open 2019"]
[Site "Helsingor DEN"]
[Date "2019.07.24"]
[Round "6.138"]
[White "Madsen, Dennis"]
[Black "Saravana, Vedant Kumar"]
[Result "0-1"]
[WhiteElo "1529"]
[BlackElo "1861"]
[WhiteFideId "1425919"]
[BlackFideId "45059730"]
[EventDate "2019.07.20"]

1. d4 d5 2. e4 dxe4 3. Nc3 Nf6 4. f3 Bf5 5. g4 Bg6 6. g5 Nd5 7. Nxe4 e6 8. Bc4
Be7 9. h4 Nb6 10. Bb3 Nc6 11. Ne2 Bxe4 12. fxe4 h6 13. d5 exd5 14. exd5 Ne5 15.
Rf1 hxg5 16. hxg5 Bxg5 17. Bf4 Bxf4 18. Nxf4 Qh4+ 19. Rf2 O-O-O 20. Qe2 Ng4 0-1

[Event "Xtracon Chess Open 2019"]
[Site "Helsingor DEN"]
[Date "2019.07.24"]
[Round "6.139"]
[White "Haraldsson, Leif"]
[Black "Yilmaz, Kazim"]
[Result "1-0"]
[WhiteElo "1857"]
[BlackElo "1647"]
[WhiteFideId "1710648"]
[BlackFideId "1514326"]
[EventDate "2019.07.20"]

1. f4 d5 2. Nf3 c5 3. g3 Nf6 4. Bg2 g6 5. d3 Nc6 6. c3 Bg7 7. O-O O-O 8. Qc2 Re8
9. e4 dxe4 10. dxe4 e5 11. f5 Qe7 12. Nh4 gxf5 13. Nxf5 Bxf5 14. Rxf5 Qe6 15.
Na3 Ne7 16. Rf1 Ng6 17. Bg5 h6 18. Be3 b6 19. h3 a6 20. Rf2 Re7 21. Kh2 Rd8 22.
Qe2 Ra8 23. Raf1 Qxa2 24. Rxf6 Bxf6 25. Rxf6 Re6 26. Rf2 Rc6 27. Bxh6 Qe6 28.
Bg5 Nf8 29. h4 Nh7 30. Bh3 Qg6 31. Bf5 Qg7 32. Be3 b5 33. Nc2 Rd8 34. Ne1 c4 35.
Nf3 f6 36. h5 Ng5 37. Nxg5 fxg5 38. Qg4 Rd3 39. Bxg5 Kh8 40. Be6 Rxe6 41. Qxe6
Qxg5 42. Rf8+ Kh7 43. Rf7+ Kh8 44. Qe8+ Qg8 45. Qxe5+ Qg7 46. Qxg7# 1-0

[Event "Xtracon Chess Open 2019"]
[Site "Helsingor DEN"]
[Date "2019.07.24"]
[Round "6.140"]
[White "Stage, Allan Juul"]
[Black "Rempe, Mieke"]
[Result "1-0"]
[WhiteElo "1855"]
[BlackElo "1558"]
[WhiteFideId "1452371"]
[BlackFideId "16202384"]
[EventDate "2019.07.20"]

1. d4 Nf6 2. Bf4 e6 3. e3 d5 4. c3 Be7 5. Nd2 O-O 6. Bd3 Nbd7 7. Ngf3 c5 8. Qc2
c4 9. Be2 Re8 10. h4 Nh5 11. Ng5 Nhf6 12. g4 b5 13. Be5 b4 14. Bxf6 Nxf6 15. f4
h6 16. Nh3 Qb6 17. g5 Ne4 18. Nxe4 dxe4 19. Bxc4 Ba6 20. Bxa6 Qxa6 21. c4 b3 22.
Qxb3 Rab8 23. Qc2 Bb4+ 24. Kf2 Rbc8 25. b3 Red8 26. a3 Be7 27. Qxe4 Bxa3 28. Qb1
Qd6 29. Rd1 Bb4 30. Rxa7 Bc5 31. Ra2 1-0

[Event "Xtracon Chess Open 2019"]
[Site "Helsingor DEN"]
[Date "2019.07.24"]
[Round "6.141"]
[White "Hilbenz, Guntram"]
[Black "Lalla, Karol"]
[Result "1-0"]
[WhiteElo "1845"]
[BlackElo "1534"]
[WhiteFideId "4686586"]
[BlackFideId "12947407"]
[EventDate "2019.07.20"]

1. c4 f5 2. Nf3 Nf6 3. g3 e6 4. Bg2 c6 5. O-O d5 6. d3 Bd6 7. Nc3 O-O 8. e4 fxe4
9. dxe4 Qc7 10. cxd5 cxd5 11. exd5 exd5 12. Nxd5 Qf7 13. Ng5 Qg6 14. Nxf6+ Rxf6
15. Ne4 Re6 16. Qb3 Kh8 17. Nxd6 Rxd6 18. Bf4 Rb6 19. Rad1 Nd7 20. Qc3 a5 21.
Rfe1 Re6 22. Rxe6 Qxe6 23. Re1 Qg6 24. Qc7 Nf8 25. Qd8 Qf7 26. Bd6 Kg8 27. Bxf8 1-0

[Event "Xtracon Chess Open 2019"]
[Site "Helsingor DEN"]
[Date "2019.07.24"]
[Round "6.142"]
[White "Hansen, Verner"]
[Black "Bredeli, Kent-Ove I"]
[Result "1-0"]
[WhiteElo "1838"]
[BlackElo "1515"]
[WhiteFideId "1425285"]
[BlackFideId "1522124"]
[EventDate "2019.07.20"]

1. e4 e6 2. d4 d5 3. Nd2 dxe4 4. Nxe4 Nf6 5. Bg5 Be7 6. Bd3 Nbd7 7. Nf3 Nxe4 8.
Bxe7 Nxf2 9. Bxd8 Nxd1 10. Rxd1 Kxd8 11. Ng5 Ke7 12. O-O Nf6 13. d5 h6 14. Nf3
Nxd5 15. Ne5 Rf8 16. Rfe1 Nf6 17. Bb5 a6 18. Ba4 Nd5 19. Rxd5 exd5 20. Ng6+ Kd6
21. Nxf8 Bf5 22. Rf1 g6 23. g4 Rxf8 24. gxf5 g5 25. Re1 c5 26. c3 c4 27. Kf2 b5
28. Bd1 a5 29. a3 Rb8 30. Kf3 b4 31. axb4 axb4 32. Kg4 bxc3 33. bxc3 Rb1 34. Kh5
d4 35. cxd4 c3 36. Re3 Rxd1 37. Rxc3 Rxd4 38. Kxh6 Rh4+ 39. Kxg5 Rxh2 40. Kf6
Rf2 41. Rd3+ Kc7 42. Rd5 Kc6 43. Ra5 Kd7 44. Kxf7 Rg2 45. Rd5+ Kc6 46. Rd1 Rf2
47. f6 Rf3 48. Ke7 Re3+ 49. Kf8 Rf3 50. f7 Rf2 51. Rd4 Kc5 52. Rg4 Kd6 53. Kg7
Ke7 54. Re4+ 1-0

[Event "Xtracon Chess Open 2019"]
[Site "Helsingor DEN"]
[Date "2019.07.24"]
[Round "6.143"]
[White "Jaques, Hannibal Valeur"]
[Black "Nergard, Ole-Kristian"]
[Result "0-1"]
[WhiteElo "1807"]
[BlackElo "1505"]
[WhiteFideId "1454188"]
[BlackFideId "1543156"]
[EventDate "2019.07.20"]

1. e4 c5 2. c3 d5 3. exd5 Nf6 4. d4 Nxd5 5. Nf3 e6 6. Be2 cxd4 7. cxd4 Bb4+ 8.
Bd2 Bxd2+ 9. Qxd2 Nc6 10. O-O O-O 11. Nc3 Nce7 12. Rac1 b6 13. Ne5 Bb7 14. Bf3
Rb8 15. a3 a6 16. Qe2 Nf4 17. Qe3 Bxf3 18. Nxf3 Nfd5 19. Qd3 b5 20. Ne4 Nf4 21.
Qd2 Ned5 22. Nc5 a5 23. Ne5 Qg5 24. Ng4 Nh3+ 0-1

[Event "Xtracon Chess Open 2019"]
[Site "Helsingor DEN"]
[Date "2019.07.24"]
[Round "6.144"]
[White "Gottschalck, Christian"]
[Black "Tandrup, Michael"]
[Result "1/2-1/2"]
[WhiteElo "1684"]
[BlackElo "1962"]
[WhiteFideId "1428357"]
[BlackFideId "1408356"]
[EventDate "2019.07.20"]

1. e4 c5 2. Nf3 Nc6 3. d4 cxd4 4. Nxd4 Nf6 5. Nc3 e5 6. Ndb5 d6 7. Nd5 Nxd5 8.
exd5 Nb8 9. c4 a6 10. Nc3 Be7 11. Be2 O-O 12. O-O f5 13. f4 Nd7 14. Be3 e4 15.
g4 Nc5 16. g5 g6 17. b4 Nd7 18. c5 Rf7 19. Bc4 Bf8 20. Ne2 Bg7 21. Bd4 Nf8 22.
Bxg7 Rxg7 23. Qd4 Bd7 24. a4 Be8 25. Rfd1 Rc8 26. c6 Kh8 27. cxb7 Rxc4 28. Qxc4
Qb6+ 29. Qd4 Qxb7 30. Rdc1 Kg8 31. Rc3 a5 32. b5 Nd7 33. Rc6 Nc5 34. Qc4 Qb8 35.
Nd4 Re7 36. Ne2 e3 37. Rxc5 dxc5 38. d6+ Bf7 39. Qxc5 Rd7 40. Rd1 Qe8 41. Rd4
Be6 42. Qe5 Rd8 43. Qxe3 Qd7 44. Qd2 Qa7 45. Kg2 Qb7+ 46. Kg3 Qb6 47. Qd1 h6 48.
h4 hxg5 49. hxg5 Rd7 50. Ng1 Qc5 51. Nf3 Qa3 52. Qe1 Qb3 53. Qe5 Rh7 54. d7 Rh3+
55. Kxh3 Qxf3+ 56. Kh2 Qf2+ 57. Kh3 1/2-1/2

[Event "Xtracon Chess Open 2019"]
[Site "Helsingor DEN"]
[Date "2019.07.24"]
[Round "6.145"]
[White "Hojgaard, Brandur"]
[Black "Christensen, Jacob Foged"]
[Result "1/2-1/2"]
[WhiteElo "1683"]
[BlackElo "1937"]
[WhiteFideId "7201478"]
[BlackFideId "1439073"]
[EventDate "2019.07.20"]

1. d4 Nf6 2. Nf3 g6 3. Bf4 Bg7 4. e3 O-O 5. Bd3 d6 6. O-O Nbd7 7. c3 Qe8 8. e4
e5 9. dxe5 Nxe5 10. Nxe5 dxe5 11. Be3 Qc6 12. f3 Be6 13. Qe2 a6 14. Na3 Rfd8 15.
Rfd1 Rd7 16. Nc2 Rad8 17. Nb4 Qd6 18. Bc2 Qe7 19. Nd3 Bc4 20. b3 Bxd3 21. Rxd3
Rxd3 22. Bxd3 Nh5 23. g3 Qa3 24. Rd1 Nf6 25. Kg2 a5 26. Rd2 Qe7 27. Bc4 Ne8 28.
Qd1 Rxd2+ 29. Qxd2 Nd6 30. Be2 b6 31. Qd5 Kf8 32. c4 c5 33. a3 Qc7 34. b4 axb4
35. axb4 cxb4 36. c5 bxc5 37. Bxc5 Ke7 38. Bc4 Kd7 39. Bb5+ Ke7 40. Bxb4 Qc2+
41. Kh3 Qc8+ 42. g4 Qe6 43. Qc5 Bf8 44. Bc4 Qf6 45. Kg2 Kd7 46. Bd5 Qd8 47. Qc6+
Ke7 48. Qc4 Kf6 49. Bxd6 Qxd6 50. Bxf7 Qd2+ 51. Kh3 Qh6+ 52. Kg2 Qd2+ 53. Kh3
Qh6+ 1/2-1/2

[Event "Xtracon Chess Open 2019"]
[Site "Helsingor DEN"]
[Date "2019.07.24"]
[Round "6.146"]
[White "Olsen, Karsten Kierkegaard"]
[Black "Hyldkrog, Lars"]
[Result "1/2-1/2"]
[BlackTitle "CM"]
[WhiteElo "1670"]
[BlackElo "1932"]
[WhiteFideId "1416944"]
[BlackFideId "1402781"]
[EventDate "2019.07.20"]

1. e4 e6 2. b3 d5 3. exd5 exd5 4. Bb2 Nf6 5. Nf3 Bg4 6. Be2 Bd6 7. O-O O-O 8.
Re1 c5 9. d3 Nc6 10. Nbd2 b5 11. c4 bxc4 12. dxc4 d4 13. Bd3 Qc7 14. h3 Bh5 15.
Ne4 Nxe4 16. Bxe4 Rae8 17. Qd3 Bg6 18. Bxg6 fxg6 19. Rxe8 Rxe8 20. Re1 Rxe1+ 21.
Nxe1 Qe7 22. Kf1 Nb4 23. Qe2 Qxe2+ 24. Kxe2 Nxa2 25. Nd3 a5 26. Ba3 Nb4 27. Bxb4
axb4 28. Kf3 Kf7 29. Ke4 Ke6 30. f4 h6 31. g4 Be7 32. g5 Kd6 33. h4 Ke6 34. Ne5
Bd6 1/2-1/2

[Event "Xtracon Chess Open 2019"]
[Site "Helsingor DEN"]
[Date "2019.07.24"]
[Round "6.147"]
[White "Pihl, William"]
[Black "Ben Porat, Tal"]
[Result "1/2-1/2"]
[WhiteElo "1669"]
[BlackElo "1928"]
[WhiteFideId "1467310"]
[BlackFideId "2804719"]
[EventDate "2019.07.20"]

1. e4 c5 2. Nf3 Nc6 3. Bb5 g6 4. Bxc6 bxc6 5. d4 Bg7 6. dxc5 Qa5+ 7. Bd2 Qxc5 8.
Nc3 Ba6 9. e5 Bxe5 10. Nxe5 Qxe5+ 11. Be3 Nf6 12. Qd2 Nd5 13. Nxd5 Qxd5 14.
O-O-O Qxd2+ 15. Rxd2 d6 16. Bd4 O-O 17. Re1 Rfe8 18. g4 f6 19. f4 c5 20. Bc3
Rad8 21. g5 fxg5 22. fxg5 Bb7 23. b3 e5 24. b4 c4 25. h4 Bc6 26. a3 Rd7 27. Kb1
Re6 28. Ka2 a6 29. Ka1 Rf7 30. Red1 d5 31. Re1 Rf3 32. Rxe5 Rxe5 33. Bxe5 Rxa3+
34. Kb2 Re3 35. Bf6 Re4 36. Rd4 Re2 37. Rd1 Kf7 38. Rf1 Ba4 39. Bd4+ Ke8 40. Rc1
Rh2 41. Bc5 Kd7 42. Rf1 Rxh4 43. Rf7+ Kd8 44. Ra7 Bb5 45. Ra8+ Kc7 46. Ra7+ Kb8
47. Re7 d4 48. Rf7 d3 49. Rf8+ Kc7 50. Rf7+ Bd7 51. cxd3 cxd3 52. Kc3 Rh3 53.
Kd2 Kc6 54. Rf6+ Kb5 55. Kc3 Bc6 56. Rd6 Rg3 57. Rxd3 Rxg5 58. Rd1 Rxc5+ 59.
bxc5 Kxc5 60. Rg1 Be4 61. Rg4 Bf5 62. Rc4+ Kd5 63. Ra4 h5 64. Rxa6 Ke4 65. Kd2
Kf3 66. Ra3+ Kf2 67. Ra4 Bg4 68. Ra6 Bf5 69. Ra4 Kg3 70. Ra3+ Kf4 71. Ke2 h4 72.
Kf2 g5 73. Rf3+ Kg4 74. Ra3 Be4 75. Ra4 Kf4 76. Kg1 g4 77. Kh2 Ke3 78. Ra3+ Bd3
79. Rb3 Kd4 80. Rb4+ Bc4 81. Ra4 Kc3 82. Ra7 Be2 83. Rh7 h3 84. Rxh3+ gxh3 85.
Kxh3 1/2-1/2

[Event "Xtracon Chess Open 2019"]
[Site "Helsingor DEN"]
[Date "2019.07.24"]
[Round "6.148"]
[White "Petersen, Jan"]
[Black "Baliuniene, Margarita"]
[Result "0-1"]
[WhiteElo "1660"]
[BlackElo "1917"]
[WhiteFideId "1426320"]
[BlackFideId "12802760"]
[EventDate "2019.07.20"]

1. d4 d5 2. c4 e6 3. Nc3 c5 4. cxd5 exd5 5. Nf3 Nc6 6. g3 c4 7. Bg2 Nf6 8. Bg5
Bb4 9. O-O Bxc3 10. bxc3 O-O 11. Ne5 Be6 12. Nxc6 bxc6 13. Qa4 Qc8 14. Rab1 Bf5
15. Rb2 Nd7 16. e4 Nb6 17. Qc2 Bg6 18. Qe2 Re8 19. f3 Na4 20. Rc2 Rb8 21. Re1
Rb7 22. Bf4 Qd8 23. Qd2 Rbe7 24. Rcc1 dxe4 25. fxe4 Bxe4 26. Rxe4 Rxe4 27. Bxe4
Rxe4 28. Qc2 Qd5 29. Rb1 Nb6 30. Qg2 h6 31. Qc2 g5 32. Bc1 Re1+ 33. Kf2 Qh1 0-1

[Event "Xtracon Chess Open 2019"]
[Site "Helsingor DEN"]
[Date "2019.07.24"]
[Round "6.149"]
[White "Warston, Hakan"]
[Black "Satre, Roger"]
[Result "1-0"]
[WhiteElo "1656"]
[BlackElo "1867"]
[WhiteFideId "1717367"]
[BlackFideId "1510320"]
[EventDate "2019.07.20"]

1. d4 d5 2. c4 c6 3. Nf3 Nf6 4. Nc3 e6 5. cxd5 Nxd5 6. Nxd5 Qxd5 7. a3 c5 8. Qc2
Nc6 9. e4 Nxd4 10. Nxd4 Qxd4 11. Be3 Qe5 12. Bb5+ Bd7 13. Bxd7+ Kxd7 14. Rd1+
Ke8 15. Qa4+ Ke7 16. Rd7+ Kf6 17. f4 Qxb2 18. e5+ Kg6 19. O-O f5 20. exf6 gxf6
21. f5+ exf5 22. Rxf5 Kxf5 23. Rd5+ Qe5 24. g4+ Kg6 25. Qc2+ Kg7 26. Rxe5 fxe5
27. Qf5 Re8 28. Bg5 Kg8 29. Bf6 Re7 30. Bxh8 c4 31. Bxe5 b5 32. Qg5+ Kf7 33.
Qh5+ Kg8 34. Qf5 a6 35. Qf6 a5 36. Qh8+ Kf7 37. Qxh7+ Ke8 38. Qg6+ Kd7 39. Qd6+
Ke8 40. Qc6+ Rd7 41. Qxb5 Bxa3 42. Bc3 Ke7 43. Qxa5 Bd6 44. Qg5+ Ke6 45. Qf5+
Ke7 46. Bf6+ Ke8 47. Qe6+ Be7 48. Qg8+ Bf8 49. Qxc4 1-0

[Event "Xtracon Chess Open 2019"]
[Site "Helsingor DEN"]
[Date "2019.07.24"]
[Round "6.150"]
[White "Rasmussen, Morten1"]
[Black "Madsen, Svend"]
[Result "1-0"]
[WhiteElo "1816"]
[BlackElo "1655"]
[WhiteFideId "1410865"]
[BlackFideId "1419846"]
[EventDate "2019.07.20"]

1. d4 d5 2. c4 e6 3. Nf3 Nf6 4. g3 Be7 5. Bg2 O-O 6. O-O Nbd7 7. Qc2 c6 8. Nbd2
Bd6 9. e4 dxe4 10. Nxe4 Nxe4 11. Qxe4 Nf6 12. Qc2 h6 13. c5 Bc7 14. Re1 Re8 15.
Bd2 Nd5 16. Bc3 Nxc3 17. Qxc3 Qf6 18. Ne5 Re7 19. Qb4 h5 20. Re3 g6 21. Rd1 Rb8
22. Qa4 a6 23. Qc2 Bd7 24. Qb3 Kf8 25. Qd3 Rd8 26. Rf3 Qg7 27. Nxg6+ Ke8 28.
Nxe7 h4 29. Qe4 Kxe7 30. Qxh4+ f6 31. Qe4 Rh8 32. Rb3 f5 33. Qe3 Bc8 34. d5 cxd5
35. Bxd5 f4 36. Qe2 fxg3 37. fxg3 Bxg3 38. Rxg3 Qh6 39. Re1 Qf6 40. Qd2 Rh5 41.
b4 e5 42. Bf3 1-0

[Event "Xtracon Chess Open 2019"]
[Site "Helsingor DEN"]
[Date "2019.07.24"]
[Round "6.151"]
[White "Nielsen, Leo Kresten Roland"]
[Black "Hansen, Tommy"]
[Result "0-1"]
[WhiteElo "1653"]
[BlackElo "1799"]
[WhiteFideId "1426095"]
[BlackFideId "1511009"]
[EventDate "2019.07.20"]

1. e4 d6 2. Bc4 Nf6 3. Nc3 e5 4. Nf3 Be7 5. d4 Nbd7 6. dxe5 dxe5 7. Bg5 c6 8.
Bxf6 Bxf6 9. Qd2 Qc7 10. O-O h6 11. Rad1 Be7 12. a3 g5 13. Qe2 Nf8 14. Rd3 Ng6
15. g3 Rg8 16. Kh1 b5 17. Bb3 a5 18. Rfd1 b4 19. axb4 axb4 20. Nxg5 hxg5 21. Rf3
Rg7 22. Qc4 Be6 23. Nd5 Qb7 24. Qd3 cxd5 25. Bxd5 Bxd5 26. exd5 Bd6 27. Rf6 Qd7
28. Kg2 Ke7 29. Rf5 Rh8 30. Qf3 Nf4+ 31. Rxf4 Qh3+ 32. Kg1 gxf4 33. Re1 Qxh2+
34. Kf1 Qh1+ 0-1

[Event "Xtracon Chess Open 2019"]
[Site "Helsingor DEN"]
[Date "2019.07.24"]
[Round "6.152"]
[White "Hansen, Aksel"]
[Black "Fjallheim, Elmar Reinert"]
[Result "1/2-1/2"]
[WhiteElo "1790"]
[BlackElo "1609"]
[WhiteFideId "1412213"]
[BlackFideId "7201095"]
[EventDate "2019.07.20"]

1. d4 Nf6 2. Bf4 e6 3. e3 d5 4. Bd3 c5 5. dxc5 Bxc5 6. Nf3 Nc6 7. O-O Nb4 8.
Bb5+ Bd7 9. a4 a6 10. Bxd7+ Qxd7 11. Ne5 Qc8 12. c3 Nc6 13. Nd2 O-O 14. Qf3 Nxe5
15. Bxe5 Nd7 16. Qg3 Nxe5 17. Qxe5 Qc6 18. c4 Rad8 19. cxd5 Rxd5 20. Qc3 Qb6 21.
Nf3 Rfd8 22. g3 Bb4 23. Qc2 Rc5 24. Qb3 Rcd5 25. Rad1 a5 26. Rxd5 Rxd5 27. Rd1 1/2-1/2

[Event "Xtracon Chess Open 2019"]
[Site "Helsingor DEN"]
[Date "2019.07.24"]
[Round "6.153"]
[White "Rasmussen, Henning2"]
[Black "Zheng, Jerry Z"]
[Result "1/2-1/2"]
[WhiteElo "1757"]
[BlackElo "1553"]
[WhiteFideId "1410962"]
[BlackFideId "460990"]
[EventDate "2019.07.20"]

1. d4 e6 2. c4 Nf6 3. Nf3 b6 4. g3 Ba6 5. b3 Bb4+ 6. Bd2 Be7 7. Bg2 c6 8. Nc3 d5
9. cxd5 cxd5 10. O-O Nbd7 11. Bc1 Rc8 12. Bb2 O-O 13. Ne1 Rc6 14. Nd3 Qc7 15.
Rc1 Rc8 16. Qd2 Qb7 17. Nb1 Rxc1 18. Rxc1 Rxc1+ 19. Bxc1 Qc7 20. Qc3 Qxc3 21.
Nxc3 Bxd3 22. exd3 a6 23. h3 Ne8 24. f4 Bf6 25. Be3 Nd6 26. Bf2 g6 27. Kf1 Nf5
28. Ne2 Nb8 29. g4 Nd6 30. Ke1 Nc6 31. Kd2 Nb5 32. a4 Nbxd4 33. Nxd4 Bxd4 34.
Be1 a5 35. Bf3 Kf8 36. Bg3 Bg7 37. Bf2 Nd4 38. Bxd4 Bxd4 39. Bg2 Ke7 40. Bf3 Kd6
41. Bd1 Kc5 42. Bf3 Bf6 43. f5 gxf5 44. gxf5 exf5 45. Bh5 Bg5+ 46. Kc3 f6 47.
d4+ Kd6 48. Kd3 Ke6 49. Bf3 Bh6 50. Bh5 Bf8 51. Bf3 f4 52. Bg4+ f5 53. Bf3 Bg7
54. Kc3 Kf6 55. Bxd5 Kg5 56. Kd3 Kh4 57. Bf3 Kxh3 58. d5 Kg3 59. Ke2 Be5 60. Bh5
Kh4 61. Bf3 h5 62. Kf2 Kg5 63. Kg2 h4 64. Kh3 Bf6 65. d6 Kg6 66. Bd5 Kg7 67. Be6
Kg6 68. Bd5 Bg5 69. d7 Bd8 70. Kg2 Kf6 71. Kf3 Ke5 72. Bc6 Bg5 73. Kg2 Kd4 74.
Kf3 Kd3 75. d8=Q+ Bxd8 76. Kxf4 Kc3 77. Bd5 Bc7+ 78. Kxf5 h3 79. Kg4 h2 80. Kh3
Kd4 81. Bb7 Kc5 82. Kg2 b5 83. axb5 Kxb5 84. Bd5 Kc5 85. Bf7 Kb4 86. Be6 1/2-1/2

[Event "Xtracon Chess Open 2019"]
[Site "Helsingor DEN"]
[Date "2019.07.24"]
[Round "6.154"]
[White "Mielow, Bjarne"]
[Black "Sjol, Henrik"]
[Result "0-1"]
[WhiteElo "1638"]
[BlackElo "1755"]
[WhiteFideId "1415484"]
[BlackFideId "1505629"]
[EventDate "2019.07.20"]

1. Nf3 d5 2. g3 Nc6 3. Bg2 e5 4. d3 Bd6 5. O-O h6 6. b3 Nf6 7. Bb2 O-O 8. Nbd2
Re8 9. a3 Bf5 10. e3 Qd7 11. Re1 Bg4 12. Qc1 e4 13. dxe4 Nxe4 14. Nxe4 dxe4 15.
Nd2 Bf5 16. c4 Be5 17. Bxe5 Nxe5 18. Qc2 Nf3+ 19. Bxf3 exf3 20. e4 Bg4 21. Re3
Qc6 22. Rae1 Rad8 23. Nxf3 Bxf3 24. Rxf3 Rd4 25. Rfe3 Red8 26. Qc3 Qd6 27. c5
Qa6 28. b4 Rd3 29. Qc1 Qa4 30. Kg2 Qb3 31. Rxd3 Qxd3 32. Re3 Qd4 33. Qc3 Kf8 34.
Qxd4 Rxd4 35. f4 Rd2+ 36. Kh3 Ke7 37. g4 a5 38. Rb3 a4 39. Re3 Rb2 40. Kg3 Kd7
41. h4 Kc6 42. h5 Rb3 43. Kf3 Kb5 44. g5 Kc4 45. e5 Kd4 46. g6 Rxe3+ 47. Kg4
fxg6 48. hxg6 Kd5 49. Kf5 h5 50. b5 h4 0-1

[Event "Xtracon Chess Open 2019"]
[Site "Helsingor DEN"]
[Date "2019.07.24"]
[Round "6.155"]
[White "Skjolingstad, Sverre"]
[Black "Schick, Matheo"]
[Result "1-0"]
[WhiteElo "1754"]
[BlackElo "1451"]
[WhiteFideId "1519913"]
[BlackFideId "1545280"]
[EventDate "2019.07.20"]

1. e4 c5 2. Nf3 Nc6 3. d4 cxd4 4. Nxd4 g6 5. Nc3 Bg7 6. Be3 Nf6 7. Nxc6 bxc6 8.
e5 Ng8 9. Bd4 Nh6 10. e6 Bxd4 11. Qxd4 O-O 12. exd7 Bxd7 13. O-O-O Be6 14. Qf4
Qa5 15. Qxh6 Bxa2 16. Rd4 Be6 17. Rh4 Qa1+ 18. Nb1 1-0